|
|
|
|
| LEADER |
01521cas a2200241 a 4500 |
| 001 |
AALejournalIMF014074 |
| 008 |
230101c9999 xx r poo 0 0eng d |
| 020 |
|
|
|c 5.00 USD
|
| 020 |
|
|
|z 9781484312001
|
| 022 |
|
|
|a 1018-5941
|
| 040 |
|
|
|a BD-DhAAL
|c BD-DhAAL
|
| 100 |
1 |
|
|a Garcia-Escribano, Mercedes.
|
| 245 |
1 |
0 |
|a Monetary Transmission in Brazil :
|b Has the Credit Channel Changed? /
|c Mercedes Garcia-Escribano.
|
| 264 |
|
1 |
|a Washington, D.C. :
|b International Monetary Fund,
|c 2013.
|
| 300 |
|
|
|a 1 online resource (20 pages)
|
| 490 |
1 |
|
|a IMF Working Papers
|
| 500 |
|
|
|a <strong>Off-Campus Access:</strong> No User ID or Password Required
|
| 500 |
|
|
|a <strong>On-Campus Access:</strong> No User ID or Password Required
|
| 506 |
|
|
|a Electronic access restricted to authorized BRAC University faculty, staff and students
|
| 520 |
3 |
|
|a This paper investigates the transmission of monetary policy by private banks in Brazil during the recent easing cycle. The analysis presented uses a panel dataset with information on lending by private banks in Brazil and concludes that monetary transmission through lending volumes was not impaired. Instead, the observed diminished lending appears to be related to supply and demand factors, as well as to the rapid expansion of public banks' lending.
|
| 538 |
|
|
|a Mode of access: Internet
|
| 830 |
|
0 |
|a IMF Working Papers; Working Paper ;
|v No. 2013/251
|
| 856 |
4 |
0 |
|z Full text available on IMF
|u http://elibrary.imf.org/view/journals/001/2013/251/001.2013.issue-251-en.xml
|z IMF e-Library
|